| 000 | 00677nam a2200253Ia 4500 | ||
|---|---|---|---|
| 005 | 20250425161606.0 | ||
| 008 | 250425s9999 xx 000 0 und d | ||
| 020 | _a968880181X | ||
| 041 | _aspa | ||
| 043 | _amx | ||
| 082 | _a005.756 | ||
| 100 | _aTSAI, ALICE Y. H. | ||
| 245 | 0 | _aSISTEMAS DE BASE DE DATOS: ADMINISTRACION Y USO | |
| 250 | _a1A ED. | ||
| 260 | _aMEXICO | ||
| 260 |
_aMéxico _bPRENTICE-HALL _c1990 |
||
| 300 | _a598 | ||
| 500 | _aTítulo Traducido: DATABASE SYSTEMS: MANAGEMENT AND USE | ||
| 650 | _aBASE DE DATOS | ||
| 650 | _aBASE DE DATOS-ADMINISTRACION | ||
| 700 |
_aALEJANDRO EMILIO MONTES _etraductor |
||
| 942 | _c01 | ||
| 010 | _a23817 | ||
| 999 |
_c212190 _d212190 |
||